MDQL
is popping MORE tags! Check the
thread
!
Quizzes
Events
Quiz Creation
Community
Videos
Private Events
Remove Ads
Sign In
Join for FREE
Feedback
Dark Mode
Quiz Categories
Sports
Geography
Music
Movies
Television
Just For Fun
Miscellaneous
History
Literature
Language
Science
Gaming
Entertainment
Religion
Holiday
For Kids
Quiz Lab
Recent
Popular Today
Quiz Kudos Today
Editor Picks
Curator Picks
Quizzes by...
Day
Popularity
Type
Ratings
Length
Year
Community
Subscriptions
Recent Discussions
Orange Saloon
Badges
Playlists
Quests
Create
Leaderboards
Showdown
Live 5
Trivia Bingo
Activity
Puzzle Library
Sporcle Events
Private Events
Virtual Trivia
Globe League
Become a Host
Pub Owners
SporcleCon
Opinionation
Our Games
Videos
Blog
Mobile Apps
Partnerships
Remove Ads and Go Orange
Feedback
Sports
Athletes
MLB
NBA
NHL
NFL
Soccer
Sports Teams
WWE
NCAA
Football
Premier League
Basketball
Baseball
Hockey
Golf
Tennis
Cricket
Rugby
Auto Racing
Olympics
World Cup
Sports
Athletes
MLB
NBA
NHL
NFL
Soccer
Sports Teams
WWE
NCAA
Football
Premier League
Basketball
Baseball
Hockey
Golf
Tennis
Cricket
Rugby
Auto Racing
Olympics
World Cup
Random Quiz
Search Sporcle
×
Quiz Lab
Quiz Lab
Sports
World
Click on answers out of a set of options
Click on answers out of a set of options
Multiple Choice
Best Score? Go Orange.
Every Double Hit To Win The PDC World Championship Stats
Can you choose the Double Hit To Win The PDC World Championship?
By
Bob27H
7m
28 Questions
98 Plays
98 Plays
98 Plays
Comments
Comments
Give Quiz Kudos
Give Quiz Kudos
-
- Ratings
hide this ad
More Info
Random Order
Randomize order of answers
Randomize order of answers
Replay
Link that replays current quiz
Next Quiz
Link to next quiz in quiz playlist
You Got
0%
They Got
Avg Score
48%
Avg Friend Score
Upgrade to see
Score Distribution
Jump to the score distribution portion of the page
Score
0/28
Timer
07:00
0
Plays Today
Question
Answer
Wrong Answers
2015: ANDERSON v Taylor
D12
90.8%
D18
1%
D20
4.1%
D10
3.1%
2016: ANDERSON v Lewis
D12
86.7%
BULL
1%
D20
9.2%
D6
0%
2020: WRIGHT v van Gerwen
D10
82.7%
D16
6.1%
D20
4.1%
D8
5.1%
2021: PRICE v Anderson
D5
81%
D4
0%
D10
9.5%
D14
4.8%
2018: CROSS v Taylor
D16
77.6%
D18
18.4%
D4
0%
D8
2%
2013: TAYLOR v van Gerwen
D16
73.5%
D4
9.2%
D10
6.1%
D8
8.2%
2007: VAN BARNEVELD v Taylor
D20
72.4%
D18
14.3%
D10
5.1%
D12
6.1%
2019: VAN GERWEN v Smith
D16
70.4%
D20
12.2%
D18
9.2%
D12
6.1%
2014: VAN GERWEN v Wright
D20
65.3%
D15
2%
D16
19.4%
D8
11.2%
2011: LEWIS v Anderson
D11
62.2%
D10
9.2%
D12
17.3%
D8
7.1%
2010: TAYLOR v Whitlock
D16
60.2%
D18
13.3%
D20
14.3%
D7
9.2%
2003: PART v Taylor
D20
51%
D10
19.4%
D16
18.4%
D14
8.2%
2017: VAN GERWEN v Anderson
BULL
51%
D20
15.3%
D16
25.5%
D10
5.1%
2012: LEWIS v Hamilton
D20
49%
D11
10.2%
D16
13.3%
D5
24.5%
2008: PART v Shepherd
D10
46.9%
D14
10.2%
D20
25.5%
D16
14.3%
1995: TAYLOR v Harrington
D7
44.9%
D9
12.2%
BULL
30.6%
D2
9.2%
1994: PRIESTLEY v Taylor
D8
42.9%
D10
12.2%
D20
15.3%
D16
25.5%
2005: TAYLOR v Dudbridge
D16
40.8%
D20
29.6%
D8
15.3%
D12
12.2%
2004: TAYLOR v Painter
D5
40.8%
D10
17.3%
D16
31.6%
D2
8.2%
2000: TAYLOR v Priestley
D20
39.8%
D8
26.5%
D10
14.3%
D18
17.3%
1998: TAYLOR v Priestley
D16
39.8%
D8
18.4%
D4
19.4%
D10
20.4%
1997: TAYLOR v Priestley
D16
38.8%
D15
13.3%
D20
24.5%
D18
21.4%
2009: TAYLOR v van Barneveld
D12
24.5%
D16
31.6%
D8
11.2%
D20
28.6%
2002: TAYLOR v Manley
D8
23.5%
D16
41.8%
D20
25.5%
D15
7.1%
1999: TAYLOR v Manley
D18
22.4%
D20
18.4%
D16
33.7%
BULL
23.5%
2001: TAYLOR v Part
D10
21.4%
D16
29.6%
D7
19.4%
D8
26.5%
2006: TAYLOR v Manley
D12
18.4%
BULL
32.7%
D16
34.7%
D18
13.3%
1996: TAYLOR v Priestley
D15
16.3%
D20
32.7%
D8
17.3%
D16
31.6%
Quiz Playlist
Details
Report
Send in Message
Add To Playlist
More Info:
The double hit which won the PDC World Championship crown since its inception in 1994.
Multiple Choice:
Click on answers out of a set of options
Random Order:
Randomize order of answers
Last Updated: Oct 6, 2021
Quiz Scoreboard
CHALLENGE
Sign Up to Join the Scoreboard
Show All
Scores
Hide
Comments
May contain spoilers
Recently Published
Find the 'City' Movie
by crazypaving
Movies
60s
5x2 Blitz: Bands
by SL_Kpop136
Music
30s
Colored Red Africa Blitz
by spor1
Geography
30s
More to Explore
Quiz From the Vault
Featured Blog Post
14 Easter Pick-up Lines to Find Eggs With
hide this ad
You Might Also Like...
Tags
World Quiz
Championship
Darts
Darts Champions
Darts Championships
Darts Players
double
hit
pdc
PDC Darts
PDC World
Win
Today's Top Quizzes in Sports
Browse Sports
hide this ad
Today's Top Quizzes in World
Browse World
Top Contributed Quizzes in Sports
1
Les entraîneurs de l'OM et du PSG au 21e siècle
2
Les meilleurs buteurs des matchs entre le PSG et l’OM
3
Les joueurs passés par le PSG et l'OM
4
Players with Multiple 50 Home Run Seasons
5
2022 World Cup Stars
6
Criteria MLB: Left Handed Sluggers
7
NBA Logic Puzzle 2.0
8
MLB Players with Two .350 Batting Average Seasons
9
Top 10 NHL Goal Scorers of All Time
10
Les joueurs passés par le LOSC et le RC Lens
Explore More
Trending Topics
Disney
Anime
Harry Potter
NBA
Crossword
Marvel
Kpop
The Office
Country
NFL
Puzzle
Pokémon
Soccer
Song
WWE
hide this ad
More By:
Bob27H
Quiz
Plays
Rating
Category
Featured
Created
Darts Players Nicknames
11,381
4.50
Sports
Nov 25, 2018
All Managers of 'The Premier League Big Six' Since 2000
10,571
4.92
Sports
Oct 21, 2018
Every Semi Finalist of PDC Darts Tournaments (2018)
2,982
5.00
Sports
Dec 1, 2018
Jumbo Darts Quiz #1
2,512
5.00
Sports
Aug 2, 2019
Darts Players To Compete in a Televised PDC Final
1,546
5.00
Sports
Sep 21, 2021
Go to Creator's Profile
Score Distribution
Quiz Creator Spotlight
Bob27H
Follow
Send a Message
Quizzes Created
-
Created Quiz Play Count
-
More By This Creator
Popular Quizzes Today
1
Colored Red Africa Blitz
2
Find the 'City' Movie
3
Find the US States - No Outlines Minefield
4
5x2 Blitz: Bands
5
The Countries of the World
6
Find the US States
7
Find the Countries of Europe - No Outlines Minefield
8
US States
More Sports Quizzes
NBA All-Time Big Threes
Quiz Lab
Trending Quizzes
Colored Red Europe Blitz I
Colored Red Africa Blitz II
Colored Red Europe Blitz II
Colored Red Europe Blitz III
Colored Red Africa Blitz III
Recently Updated
How Do You Spell That?
pecheneg
Godzilla Movies
pecheneg
Grab Bag: 4-10 Letters
pecheneg
2024 March Madness Bracket
pecheneg
Famous TV Couples
Peacemaker
Champions League XIs: Real Madrid
pecheneg
Largest US Cities 1790-2010
pecheneg
Rides in Walt Disney World
pecheneg
Most Oscar Losses (Acting)
pecheneg
Beyoncé Albums
pecheneg
Trending Topics
Crossword
NBA
Disney
Harry Potter
Kpop
Anime
Marvel
The Office
Puzzle
Country
WWE
Pokémon
NFL
Song
Soccer
Your Account Isn't Verified!
In order to create a playlist on Sporcle, you need to verify the email address you used during registration. Go to your
Sporcle Settings
to finish the process.
Report this User
Report this user for behavior that violates our
Community Guidelines
.
Details:
Send Report
Go to the Sporcle.com Mobile Site →
Comments